Escatología: la muerte y la vida eterna

Guardado en:
Detalles Bibliográficos
Autor principal: Ratzinger, Joseph (Autor)
Formato: Libro
Lenguaje:español
Publicado: Barcelona Herder 1980
Edición:1a. ed
Colección:Curso de Teología dogmática, 9
Materias:
Etiquetas: Agregar Etiqueta
Sin Etiquetas, Sea el primero en etiquetar este registro!

MARC

LEADER 00000cam a2200000 a 4500
001 UCX1106
003 CL-VaPUC
008 900605e19800000SP |||||||||||||||||spa|d
020 |a 842541086X 
082 0 4 |a 236  |b RAT  |2 21 
100 0 |a Ratzinger, Joseph  |e author  |9 316521 
245 1 0 |a Escatología: la muerte y la vida eterna 
250 |a 1a. ed 
300 |a 230 p 
942 |c BK 
945 |d 19900605 00:00:00 
260 |a Barcelona  |b Herder  |c 1980 
650 0 |a Escatología  |9 314395 
583 |a last modification  |c 20150515 03:39:57  |k Rodrigo Vera 
490 0 |a Curso de Teología dogmática, 9 
999 |c 222432  |d 222430 
952 |0 0  |1 0  |4 0  |6 236_000000000000000_RAT_1980  |7 0  |8 A  |9 217147  |a BIBTEO  |b BIBTEO  |d 2019-11-15  |i 2861062  |l 1  |o 236 RAT 1980  |p 2861062  |r 2025-01-17  |s 2022-11-28  |w 2019-11-15  |y BK  |k ICR 
952 |0 0  |1 0  |4 0  |6 236_000000000000000_RAT_1980  |7 0  |8 A  |9 217148  |a BIBTEO  |b BIBTEO  |d 2019-11-15  |i 3387410  |o 236 RAT 1980  |p 3387410  |r 2025-01-17  |w 2019-11-15  |y BK  |k ICR 
952 |0 0  |1 0  |4 0  |6 236_000000000000000_RAT_1980  |7 0  |8 A  |9 217149  |a BIBTEO  |b BIBTEO  |d 2019-11-15  |i 3387399  |l 1  |o 236 RAT 1980  |p 3387399  |r 2025-01-17  |s 2024-08-26  |w 2019-11-15  |y BK  |k ICR 
952 |0 0  |1 0  |4 0  |6 236_000000000000000_RAT_1980  |7 0  |8 A  |9 217150  |a BIBTEO  |b BIBTEO  |d 2019-11-15  |i 3387402  |o 236 RAT 1980  |p 3387402  |r 2025-01-17  |w 2019-11-15  |y BK  |k ICR 
952 |0 0  |1 0  |3 erb  |4 0  |6 236_000000000000000_RAT_1980  |7 0  |8 A  |9 217151  |a BIBTEO  |b BIBTEO  |e Casale Rolle, Carlos Ignacio, -2014  |i 5181313  |l 1  |o 236 RAT 1980  |p 5181313  |r 2025-01-17  |s 2023-08-29  |w 2019-11-15  |y BK  |z Catalogado en:20150529  |k ICR